header

Finance and development. (Record no. 29498)

MARC details
000 -LEADER
fixed length control field 01689nam a2200385Ia 4500
245 00 - TITLE STATEMENT
Title Finance and development.
260 ## - PUBLICATION, DISTRIBUTION, ETC. (IMPRINT)
Place of publication Washington, D.C. :
Name of publisher International Monetary Fund,
Year of publication 2006.
300 ## - PHYSICAL DESCRIPTION
Number of Pages 57 p. :
Other physical details ill., port.
490 1# - SERIES STATEMENT
Series statement Finance and development,
500 ## - GENERAL NOTE
General note "March 2006".
650 #0 - SUBJECT ADDED ENTRY--TOPICAL TERM
Topical Term Capital movements
Topical Term Labor market
Topical Term International finance.
700 1# - ADDED ENTRY--PERSONAL NAME
Personal name Wallace, Laura.
856 40 - ELECTRONIC LOCATION AND ACCESS
Uniform Resource Identifier http://site.ebrary.com/lib/rucke/Doc?id=10348706

No items available.

© 2026 Rongo University
Contact us: librarian | system librarian | Rongo university